00744nam a2200193Ia 4500001000700000003000500007008004100012010001100053040000900064100003000073245021500103260006200318300001000380440005600390500000500446503000500451650003000456650006400486Z_4079CHAP220113s1995 xx 000 0 und d a167142 cCHAP aOrtíz Ortíz, Gilberto aProducción de leche en las regiones altas de Veracruz : grupo ganadero de validación y apoyos a la transferencia de tecnología Acatlán /cpor Gilberto Ortíz Ortíz y Benjamín A. Piña Cárdenas aXalapa, Ver. :bINIFAP. Campo Experimental Xalapa,c1995 a19 p. aPublicación especial no. 3.1. División pecuaria a a aGanado lecheroxVeracruz  aVeracruzxGanado lechero I. Piña Cárdenas, Benjamín A